| 000 | 00545nam a22001817a 4500 | ||
|---|---|---|---|
| 003 | OSt | ||
| 005 | 20250519155450.0 | ||
| 008 | 250519b |||||||| |||| 00| 0 eng d | ||
| 020 | _a9781781904237 | ||
| 040 | _crda | ||
| 100 |
_aDunne, Elisabeth., _eeditor _9808958 |
||
| 245 |
_aThe Student Engagement Handbook: _bPractice in Higher Education _cedited by Elisabeth Dunne and Derfel Owen |
||
| 260 |
_aUK: _bEmerald, _c2013. |
||
| 300 | _axxv,670p. | ||
| 650 | _2Education | ||
| 700 |
_aOwen, Derfel., _eeditor _9808959 |
||
| 942 |
_2CC _cGB _e1 _n0 |
||
| 999 |
_c1428836 _d1428836 |
||